| 000 | 00729nam a22001817a 4500 | ||
|---|---|---|---|
| 003 | BD-DhUL | ||
| 005 | 20170308161635.0 | ||
| 008 | 170308b1967 B a|||| |||| 00| 0 B d | ||
| 040 |
_aBD-DhUL _cBD-DhUL |
||
| 082 |
_a954.7 _bABS |
||
| 100 | 1 | _aআব্দুল জলীল, এ এফ এম | |
| 245 | 1 | 0 |
_aসুন্দরবনের ইতিহাস / _cএ এফ এম আব্দুল জলীল |
| 260 |
_aঢাকা : _bআব্দুল মান্নাফ, _c১৯৬৭. |
||
| 300 |
_a৬২৩ পৃষ্ঠা ; _c২১ সেমি. |
||
| 650 | 4 |
_aইতিহাস _zসুন্দরবন _zবাংলাদেশ |
|
| 650 | 4 |
_aHistory _zSundarbans _zBangladesh |
|
| 942 |
_2ddc _cREF |
||
| 999 |
_c161130 _d161130 |
||